<?xml version="1.0" encoding="UTF-8"?>
<record
    xmlns:xsi="http://www.w3.org/2001/XMLSchema-instance"
    xsi:schemaLocation="http://www.loc.gov/MARC21/slim http://www.loc.gov/standards/marcxml/schema/MARC21slim.xsd"
    xmlns="http://www.loc.gov/MARC21/slim">

  <leader>01828nam a2200289Ia 4500</leader>
  <datafield tag="999" ind1=" " ind2=" ">
    <subfield code="c">46274</subfield>
    <subfield code="d">46274</subfield>
  </datafield>
  <controlfield tag="001">13108</controlfield>
  <controlfield tag="003">GE_BSU</controlfield>
  <controlfield tag="005">20240820173149.0</controlfield>
  <controlfield tag="008">181216s2013||||ge |||||||||||||| ||geo||</controlfield>
  <datafield tag="020" ind1=" " ind2=" ">
    <subfield code="a">978-9941-5368-9</subfield>
  </datafield>
  <datafield tag="040" ind1=" " ind2=" ">
    <subfield code="c">GE_BSU</subfield>
  </datafield>
  <datafield tag="041" ind1=" " ind2=" ">
    <subfield code="a">geo</subfield>
  </datafield>
  <datafield tag="080" ind1=" " ind2=" ">
    <subfield code="a">31:338(479.22) + 314.114(479.22) + 316.42(479.22) &#x10D2;-21</subfield>
  </datafield>
  <datafield tag="100" ind1=" " ind2=" ">
    <subfield code="a">&#x10D2;&#x10D0;&#x10E1;&#x10DB;&#x10D0;&#x10DC;&#x10D8;, &#x10E4;&#x10E0;&#x10D0;&#x10DC;&#x10E9;&#x10D4;&#x10E1;&#x10D9;&#x10D0; </subfield>
    <subfield code="9">23093</subfield>
  </datafield>
  <datafield tag="245" ind1=" " ind2=" ">
    <subfield code="a">&#x10D4;&#x10D9;&#x10DD;&#x10DC;&#x10DD;&#x10DB;&#x10D8;&#x10D9;&#x10E3;&#x10E0;&#x10D8; &#x10D3;&#x10D0; &#x10E1;&#x10DD;&#x10EA;&#x10D8;&#x10D0;&#x10DA;&#x10E3;&#x10E0;&#x10D8; &#x10DB;&#x10DD;&#x10EC;&#x10E7;&#x10D5;&#x10DA;&#x10D0;&#x10D3;&#x10DD;&#x10D1;&#x10D0; &#x10E1;&#x10D0;&#x10E5;&#x10D0;&#x10E0;&#x10D7;&#x10D5;&#x10D4;&#x10DA;&#x10DD;&#x10E8;&#x10D8; /</subfield>
    <subfield code="c">&#x10E4;&#x10E0;&#x10D0;&#x10DC;&#x10E9;&#x10D4;&#x10E1;&#x10D9;&#x10D0; &#x10D2;&#x10D0;&#x10E1;&#x10DB;&#x10D0;&#x10DC;&#x10D8;, &#x10D2;&#x10D8;&#x10DD;&#x10E0;&#x10D2;&#x10D8; &#x10D1;&#x10D4;&#x10E0;&#x10E3;&#x10DA;&#x10D0;&#x10D5;&#x10D0;, &#x10DB;&#x10D8;&#x10EE;&#x10D4;&#x10D8;&#x10DA; &#x10D7;&#x10DD;&#x10E5;&#x10DB;&#x10D0;&#x10D6;&#x10D8;&#x10E8;&#x10D5;&#x10D8;&#x10DA;&#x10D8; ; &#x10E0;&#x10D4;&#x10D3;. &#x10EE;&#x10D0;&#x10D7;&#x10E3;&#x10DC;&#x10D0; &#x10E6;&#x10DA;&#x10DD;&#x10DC;&#x10E2;&#x10D8; ; &#x10D2;&#x10D0;&#x10D4;&#x10E0;&#x10DD;&#x10E1; &#x10D2;&#x10D0;&#x10DC;&#x10D5;&#x10D8;&#x10D7;&#x10D0;&#x10E0;&#x10D4;&#x10D1;&#x10D8;&#x10E1; &#x10DE;&#x10E0;&#x10DD;&#x10D2;&#x10E0;&#x10D0;&#x10DB;&#x10D0; &#x10E1;&#x10D0;&#x10E5;&#x10D0;&#x10E0;&#x10D7;&#x10D5;&#x10D4;&#x10DA;&#x10DD;&#x10E8;&#x10D8;.</subfield>
  </datafield>
  <datafield tag="264" ind1=" " ind2=" ">
    <subfield code="a">&#x10D7;&#x10D1;&#x10D8;&#x10DA;&#x10D8;&#x10E1;&#x10D8; :</subfield>
    <subfield code="b">&#x10E1;&#x10D4;&#x10D6;&#x10D0;&#x10DC;&#x10D8;,</subfield>
    <subfield code="c">2013.</subfield>
  </datafield>
  <datafield tag="300" ind1=" " ind2=" ">
    <subfield code="a"> 160 &#x10D2;&#x10D5;. :</subfield>
    <subfield code="b">&#x10D2;&#x10E0;&#x10D0;&#x10E4;., &#x10EA;&#x10EE;&#x10E0;. ; </subfield>
    <subfield code="c">29 &#x10E1;&#x10DB;.</subfield>
  </datafield>
  <datafield tag="500" ind1=" " ind2=" ">
    <subfield code="a">&#x10D3;&#x10D0;&#x10D1;&#x10D4;&#x10ED;&#x10D3;&#x10D8;&#x10DA;&#x10D8;&#x10D0; &#x10E1;&#x10D0;&#x10E5;&#x10D0;&#x10E0;&#x10D7;&#x10D5;&#x10D4;&#x10DA;&#x10DD;&#x10E8;&#x10D8;
</subfield>
  </datafield>
  <datafield tag="500" ind1=" " ind2=" ">
    <subfield code="a">&#x10D3;&#x10D0;&#x10DC;&#x10D0;&#x10E0;&#x10D7;&#x10D8; : &#x10D2;&#x10D5;. 117-155
</subfield>
  </datafield>
  <datafield tag="504" ind1=" " ind2=" ">
    <subfield code="a">&#x10D1;&#x10D8;&#x10D1;&#x10DA;&#x10D8;&#x10DD;&#x10D2;&#x10E0;. : &#x10D2;&#x10D5;. 156-160</subfield>
  </datafield>
  <datafield tag="653" ind1=" " ind2=" ">
    <subfield code="a">&#x10D4;&#x10D9;&#x10DD;&#x10DC;&#x10DD;&#x10DB;&#x10D8;&#x10D9;&#x10E3;&#x10E0;&#x10D8; &#x10D3;&#x10D0; &#x10E1;&#x10DD;&#x10EA;&#x10D8;&#x10D0;&#x10DA;&#x10E3;&#x10E0;&#x10D8; &#x10DB;&#x10DD;&#x10EC;&#x10E7;&#x10D5;&#x10DA;&#x10D0;&#x10D3;&#x10DD;&#x10D1;&#x10D0; &#x10E1;&#x10D0;&#x10E5;&#x10D0;&#x10E0;&#x10D7;&#x10D5;&#x10D4;&#x10DA;&#x10DD;&#x10E8;&#x10D8;</subfield>
  </datafield>
  <datafield tag="700" ind1=" " ind2=" ">
    <subfield code="a">&#x10D1;&#x10D4;&#x10E0;&#x10E3;&#x10DA;&#x10D0;&#x10D5;&#x10D0;, &#x10D2;&#x10D8;&#x10DD;&#x10E0;&#x10D2;&#x10D8; </subfield>
    <subfield code="e">&#x10D0;&#x10D5;&#x10E2;&#x10DD;&#x10E0;&#x10D8;</subfield>
    <subfield code="9">23094</subfield>
  </datafield>
  <datafield tag="700" ind1=" " ind2=" ">
    <subfield code="a">&#x10D7;&#x10DD;&#x10E5;&#x10DB;&#x10D0;&#x10D6;&#x10D8;&#x10E8;&#x10D5;&#x10D8;&#x10DA;&#x10D8;, &#x10DB;&#x10D8;&#x10EE;&#x10D4;&#x10D8;&#x10DA; </subfield>
    <subfield code="e">&#x10D0;&#x10D5;&#x10E2;&#x10DD;&#x10E0;&#x10D8;</subfield>
    <subfield code="9">23095</subfield>
  </datafield>
  <datafield tag="700" ind1=" " ind2=" ">
    <subfield code="a">&#x10E6;&#x10DA;&#x10DD;&#x10DC;&#x10E2;&#x10D8;, &#x10EE;&#x10D0;&#x10D7;&#x10E3;&#x10DC;&#x10D0; </subfield>
    <subfield code="e">&#x10E0;&#x10D4;&#x10D3;&#x10D0;&#x10E5;&#x10E2;&#x10DD;&#x10E0;&#x10D8;</subfield>
    <subfield code="9">23096</subfield>
  </datafield>
  <datafield tag="710" ind1=" " ind2=" ">
    <subfield code="a">&#x10D2;&#x10D0;&#x10D4;&#x10E0;&#x10DD;&#x10E1; &#x10D2;&#x10D0;&#x10DC;&#x10D5;&#x10D8;&#x10D7;&#x10D0;&#x10E0;&#x10D4;&#x10D1;&#x10D8;&#x10E1; &#x10DE;&#x10E0;&#x10DD;&#x10D2;&#x10E0;&#x10D0;&#x10DB;&#x10D0; &#x10E1;&#x10D0;&#x10E5;&#x10D0;&#x10E0;&#x10D7;&#x10D5;&#x10D4;&#x10DA;&#x10DD;&#x10E8;&#x10D8;</subfield>
    <subfield code="9">23097</subfield>
  </datafield>
  <datafield tag="942" ind1=" " ind2=" ">
    <subfield code="c">BK</subfield>
    <subfield code="2">udc</subfield>
  </datafield>
  <datafield tag="952" ind1=" " ind2=" ">
    <subfield code="0">0</subfield>
    <subfield code="1">0</subfield>
    <subfield code="2">udc</subfield>
    <subfield code="4">0</subfield>
    <subfield code="6">3133847922__31411447922__3164247922_&#x10D2;21</subfield>
    <subfield code="7">0</subfield>
    <subfield code="9">60662</subfield>
    <subfield code="a">CPL</subfield>
    <subfield code="b">CPL</subfield>
    <subfield code="c">GEN</subfield>
    <subfield code="d">2018-12-17</subfield>
    <subfield code="o">31:338(479.22) + 314.114(479.22) + 316.42(479.22) &#x10D2;-21</subfield>
    <subfield code="p">27182</subfield>
    <subfield code="r">2018-12-17</subfield>
    <subfield code="t">27182</subfield>
    <subfield code="w">2018-12-17</subfield>
    <subfield code="y">BK</subfield>
  </datafield>
  <datafield tag="952" ind1=" " ind2=" ">
    <subfield code="0">0</subfield>
    <subfield code="1">0</subfield>
    <subfield code="2">udc</subfield>
    <subfield code="4">0</subfield>
    <subfield code="6">3133847922__31411447922__3164247922_&#x10D2;21</subfield>
    <subfield code="7">0</subfield>
    <subfield code="9">60663</subfield>
    <subfield code="a">CPL</subfield>
    <subfield code="b">CPL</subfield>
    <subfield code="c">GEN</subfield>
    <subfield code="d">2018-12-17</subfield>
    <subfield code="o">31:338(479.22) + 314.114(479.22) + 316.42(479.22) &#x10D2;-21</subfield>
    <subfield code="p">27183</subfield>
    <subfield code="r">2018-12-17</subfield>
    <subfield code="t">27183</subfield>
    <subfield code="w">2018-12-17</subfield>
    <subfield code="y">BK</subfield>
  </datafield>
</record>
